000 00311nam a22001337a 4500
008 210604b ||||| |||| 00| 0 eng d
041 _aeng
080 _a541
082 _a541
100 _a12
101 _aKIM
245 _aA Manual of Organic Chemistry for Advanced Students
_cDyson,G.M
942 _2udc
_cBK
999 _c57954
_d57954